00634nam a2200193 i 4500001000300000100001700003245009300020246005700113260004000170300004000210500006000250630001400310655001800324020001500342040000800357041001100365080002300376008004100399bg1 aALSPACH, Ted10aPhotoshop nie tylko dla orłów /cTed Alspach ; tł. [z ang.] Władysław M. Szymczyk. iTyt. oryg.:aThe complete idiot's guide to Photoshop aWarszawa :b"Intersoftland",c1995. aXVI, 272 s. :bfot., rys. ;c24 cm. aOryg. : "The complete idiot's guide to Photoshop" 1994.09aPhotoshop aPodręczniki a8386389494 cBPK1 aplhen a004.42:004.92](07) s pl f |000 0 pol